[Event "SRB-ch Semifinal 2022"]
[Site "Paracin"]
[Date "2022.03.21"]
[Round "7.9"]
[White "Arsovic, Zoran"]
[Black "Milosevic, Aleksandar J"]
[Result "1-0"]
[WhiteElo "2360"]
[BlackElo "2135"]
[Annotator "NA"]
[PlyCount "151"]
[EventDate "2022.03.17"]
[EventType "swiss"]
[EventCountry "SRB"]
[SourceTitle "playchess.com"]
[Source "ChessBase"]
[SourceQuality "1"]
[TimeControl "40/5400+30:1800+30"]

1. Nf3 {[%emt 0:00:08]} c5 {[%emt 0:01:08]} 2. c4 {[%emt 0:00:17]} g6 {[%emt 0:00:57]} 3. e4 {[%emt 0:01:27]} Bg7 {[%emt 0:01:15]} 4. d4 {[%emt 0:00:12]} cxd4 {[%emt 0:00:43]} 5. Nxd4 {[%emt 0:00:11]} Nc6 {[%emt 0:00:31]} 6. Be3 $1 {[%emt 0:00:19]} Nf6 {[%emt 0:01:28]} 7. Nc3 {[%emt 0:00:17]} d6 {[%emt 0:00:51]} 8. Be2 {[%emt 0:00:16]} O-O {[%emt 0:00:24]} 9. O-O {[%emt 0:00:24]} Bd7 {[%emt 0:02:05]} 10. Qd2 {[%emt 0:00:21]} Nxd4 {[%emt 0:01:51]} 11. Bxd4 {[%emt 0:00:37]} Bc6 {[%emt 0:03:23]} 12. f3 {[%emt 0:00:19]} a5 {[%emt 0:00:22]} 13. b3 {[%emt 0:00:23]} Nd7 {[%emt 0:00:39]} 14. Be3 {[%emt 0:00:54]} Nc5 {[%emt 0:00:56]} 15. Rac1 {[%emt 0:02:34]} Be5 {[%emt 0:05:36]} 16. Rfd1 {[%emt 0:10:09]} e6 {[%emt 0:04:02]} 17. Bd4 {[%emt 0:01:34]} Bxd4+ {[%emt 0:05:12]} 18. Qxd4 {[%emt 0:00:10]} Qb6 {[%emt 0:00:03]} 19. Kh1 {[%emt 0:01:36]} Rfd8 $14 {[%emt 0:01:50]} 20. Rb1 {[%emt 0:31:49]} e5 {[%emt 0:06:39]} 21. Qe3 {[%emt 0:00:50]} Qb4 {[%emt 0:03:47]} 22. Qc1 {[%emt 0:03:22]} Ne6 {[%emt 0:02:26]} 23. Bf1 {[%emt 0:01:33]} Qb6 {[%emt 0:03:13]} 24. a3 {[%emt 0:01:06]} Kg7 {[%emt 0:04:25]} 25. Qb2 {[%emt 0:01:57]} f6 {[%emt 0:07:50]} 26. Rd2 {[%emt 0:03:34]} Nd4 {[%emt 0:04:56]} 27. h3 {[%emt 0:04:29]} Kf7 {[%emt 0:04:51]} 28. Rd3 {[%emt 0:07:55]} g5 {[%emt 0:05:05]} 29. Be2 {[%emt 0:09:08]} Ne6 {[%emt 0:02:45]} 30. Qd2 {[%emt 0:01:36]} Nc5 {[%emt 0:05:52]} 31. Qe3 {[%emt 0:02:04]} Qa7 {[%emt 0:03:29]} 32. Rdd1 {[%emt 0:01:49]} Ne6 {[%emt 0:01:23]} 33. Qd2 {[%emt 0:02:58]} Qf2 {[%emt 0:01:22]} 34. Bf1 {[%emt 0:02:22]} Qb6 {[%emt 0:04:33]} 35. Re1 {[%emt 0:01:23]} h5 {[%emt 0:02:44]} 36. Qe3 {[%emt 0:01:05]} Qxe3 {[%emt 0:01:24]} 37. Rxe3 {[%emt 0:00:05]} h4 {[%emt 0:00:21]} 38. Kg1 {[%emt 0:00:43]} Nd4 {[%emt 0:00:52]} 39. Bd3 {[%emt 0:02:17]} Ne6 {[%emt 0:00:33]} 40. Kf2 {[%emt 0:00:51]} Nf4 {[%emt 0:01:59]} 41. Bf1 {[%emt 0:32:30]} Ne6 {[%emt 0:31:11]} 42. Ke1 {[%emt 0:01:23]} Nd4 {[%emt 0:03:13]} 43. Kd2 {[%emt 0:01:49]} Ne6 {[%emt 0:00:00]} 44. Kc2 {[%emt 0:00:00]} Nd4+ {[%emt 0:00:00]} 45. Kb2 {[%emt 0:00:00]} Ne6 {[%emt 0:00:00]} 46. Rd1 {[%emt 0:00:00]} Nf4 {[%emt 0:00:00]} 47. Rd2 {[%emt 0:00:00]} Ke7 {[%emt 0:00:00]} 48. Re1 {[%emt 0:00:00]} Ne6 {[%emt 0:00:00]} 49. Be2 {[%emt 0:00:00]} Nf4 {[%emt 0:00:00]} 50. Bd1 {[%emt 0:00:00]} Rab8 {[%emt 0:00:00]} 51. Bc2 {[%emt 0:00:00]} Ra8 {[%emt 0:00:00]} 52. Red1 {[%emt 0:00:00]} Ne6 {[%emt 0:00:00]} 53. b4 {[%emt 0:00:00]} axb4 {[%emt 0:00:00]} 54. axb4 {[%emt 0:00:00]} Nf4 {[%emt 0:00:00]} 55. Bb3 {[%emt 0:00:00]} Be8 {[%emt 0:00:00]} 56. Rc1 {[%emt 0:00:00]} Bf7 {[%emt 0:00:00]} 57. Nd1 {[%emt 0:00:00]} Rac8 {[%emt 0:02:46]} 58. Ne3 {[%emt 0:00:01]} Be6 {[%emt 0:00:21]} 59. Rcd1 {[%emt 0:00:42]} b6 {[%emt 0:01:10]} 60. Rc2 {[%emt 0:02:43]} Rb8 {[%emt 0:01:02]} 61. Ba4 {[%emt 0:00:22]} Rbc8 {[%emt 0:00:47]} 62. Bb5 {[%emt 0:00:10]} Ra8 {[%emt 0:02:00]} 63. Rcd2 {[%emt 0:00:52]} Ra7 {[%emt 0:01:39]} 64. Bc6 {[%emt 0:00:53]} Rc7 {[%emt 0:00:54]} 65. b5 {[%emt 0:00:49]} Ra7 {[%emt 0:00:16]} 66. Kb3 {[%emt 0:00:54]} Ra5 {[%emt 0:02:00]} 67. Kb4 {[%emt 0:01:02]} Ra7 {[%emt 0:00:03]} 68. Kb3 {[%emt 0:01:00]} Ra5 {[%emt 0:00:12]} 69. Nc2 {[%emt 0:01:04]} Ra7 {[%emt 0:02:26]} 70. Nb4 {[%emt 0:00:10]} Kf7 {[%emt 0:00:49]} 71. Rxd6 {[%emt 0:01:12]} Rxd6 {[%emt 0:00:05]} 72. Rxd6 {[%emt 0:00:04]} Nxg2 {[%emt 0:00:24]} 73. Bd5 {[%emt 0:00:15]} Bxd5 {[%emt 0:00:34]} 74. Nxd5 {[%emt 0:00:06]} Ra1 {[%emt 0:00:57]} 75. Kb2 {[%emt 0:00:57]} Rh1 {[%emt 0:00:13]} 76. c5 {[%emt 0:00:10]} 1-0

[Event "SRB-ch Semifinal 2022"]
[Site "Paracin"]
[Date "2022.03.21"]
[Round "7.10"]
[White "Radisavljevic, Dalibor"]
[Black "Zlatanovic, Boroljub"]
[Result "0-1"]
[WhiteElo "2150"]
[BlackElo "2338"]
[Annotator "NA"]
[PlyCount "90"]
[EventDate "2022.03.17"]
[EventType "swiss"]
[EventCountry "SRB"]
[SourceTitle "playchess.com"]
[Source "ChessBase"]
[SourceQuality "1"]
[TimeControl "40/5400+30:1800+30"]

1. e4 {[%emt 0:00:03]} e6 {[%emt 0:00:06]} 2. d4 {[%emt 1:31:27]} d5 {[%emt 0:00:07]} 3. Nd2 {[%emt 0:00:00]} Nc6 {[%emt 0:00:56]} 4. Ngf3 {[%emt 0:00:00]} Nf6 {[%emt 0:00:35]} 5. e5 {[%emt 0:00:00]} Nd7 {[%emt 0:00:07]} 6. Nb3 {[%emt 0:00:00]} a5 {[%emt 0:00:10]} 7. a4 {[%emt 0:00:00]} b6 {[%emt 0:00:29]} 8. Bb5 {[%emt 0:00:00]} Ncb8 {[%emt 0:00:16]} 9. O-O {[%emt 0:00:00]} Ba6 {[%emt 1:32:14]} 10. Bxa6 {[%emt 0:00:00]} Nxa6 {[%emt 0:00:00]} 11. Bf4 {[%emt 0:04:30]} Be7 {[%emt 0:01:00]} 12. Rc1 {[%emt 0:00:30]} c5 {[%emt 0:00:00]} 13. c4 {[%emt 0:00:00]} Nc7 {[%emt 0:01:00]} (13... Nb4 $11) 14. Be3 {[%emt 0:01:00]} Rc8 {[%emt 0:00:30]} (14... dxc4 $11 {feels stronger.} 15. Rxc4 Nd5) 15. dxc5 {[%emt 0:00:00]} Nxc5 {[%emt 0:00:30]} 16. Bxc5 {[%emt 0:00:00]} Bxc5 $14 {[%emt 0:00:30]} 17. Nxc5 {[%emt 0:00:00]} bxc5 {[%emt 0:00:00]} 18. cxd5 {[%emt 0:00:00]} Nxd5 {[%emt 0:00:00]} 19. Qe2 {[%emt 0:02:30]} O-O {[%emt 0:01:30]} 20. Qb5 {[%emt 0:00:00]} Qb6 {[%emt 0:00:30]} 21. Rc2 {[%emt 0:00:00]} c4 {[%emt 0:00:30]} 22. Qxb6 Nxb6 {[%emt 0:00:00]} 23. Nd2 {[%emt 0:02:00]} Nxa4 {[%emt 0:00:00]} 24. b3 {[%emt 0:00:30]} cxb3 {[%emt 0:00:00]} 25. Rxc8 {[%emt 0:00:00]} Rxc8 {[%emt 0:00:00]} 26. Nxb3 {[%emt 0:00:00]} Nc3 {[%emt 0:00:00]} 27. Nxa5 {[%emt 0:00:00]} Rc5 {[%emt 0:00:00]} 28. Ra1 {[%emt 0:00:00]} g5 {[%emt 0:03:30]} 29. h3 {[%emt 0:02:30]} Rxe5 {[%emt 0:00:30]} 30. Nc6 {[%emt 0:00:00]} Rc5 {[%emt 0:00:00]} 31. Ra8+ {[%emt 0:00:00]} Kg7 {[%emt 0:00:00]} 32. Nd8 {[%emt 0:00:00]} Rc7 {[%emt 0:00:00]} 33. Rb8 {[%emt 0:00:00]} Rd7 {[%emt 0:00:00]} 34. Nc6 {[%emt 0:00:00]} h5 {[%emt 0:02:30]} 35. Ra8 {[%emt 0:00:00]} Rd1+ {[%emt 0:00:00]} 36. Kh2 {[%emt 0:00:00]} Rd2 {[%emt 0:01:00]} 37. Ra3 {[%emt 0:00:00]} Ne4 {[%emt 0:00:00]} 38. f3 {[%emt 0:04:30]} Nd6 {[%emt 0:00:00]} 39. Ra7 {[%emt 0:00:00]} Nc4 {[%emt 0:00:00]} 40. Kh1 {[%emt 0:00:28]} Rd1+ {[%emt 0:00:00]} 41. Kh2 {[%emt 0:31:02]} h4 {[%emt 0:22:27]} 42. Rc7 {[%emt 0:00:00]} Ne3 {[%emt 0:00:00]} 43. g4 {[%emt 0:01:00]} hxg3+ {[%emt 0:00:00]} 44. Kxg3 {[%emt 0:00:30]} Rc1 {[%emt 0:00:00]} 45. Rc8 {[%emt 0:00:30]} Nf5+ {[%emt 0:12:03]} 0-1

[Event "SRB-ch Semifinal 2022"]
[Site "Paracin"]
[Date "2022.03.22"]
[Round "8.1"]
[White "Pap, Misa"]
[Black "Radovanovic, Nikola"]
[Result "0-1"]
[WhiteElo "2372"]
[BlackElo "2413"]
[Annotator "NA"]
[PlyCount "82"]
[EventDate "2022.03.17"]
[EventType "swiss"]
[EventCountry "SRB"]
[SourceTitle "playchess.com"]
[Source "ChessBase"]
[SourceQuality "1"]
[TimeControl "40/5400+30:1800+30"]

1. e4 {[%emt 0:00:04]} c5 {[%emt 0:00:09]} 2. c3 {[%emt 0:00:05]} Nf6 {[%emt 0:00:15]} 3. e5 {[%emt 0:00:07]} Nd5 {[%emt 0:00:12]} 4. Nf3 {[%emt 0:00:18]} d6 {[%emt 0:00:19]} 5. exd6 {[%emt 0:01:31]} e6 {[%emt 0:00:29]} 6. g3 {[%emt 0:01:17]} Bxd6 {[%emt 0:00:23]} 7. Bg2 {[%emt 0:00:08]} Nc6 {[%emt 0:01:59]} 8. O-O {[%emt 0:01:56]} O-O {[%emt 0:00:44]} 9. d4 {[%emt 0:04:45]} cxd4 {[%emt 0:02:20]} 10. Nxd4 {[%emt 0:00:12]} Nxd4 {[%emt 0:00:34]} 11. Qxd4 {[%emt 0:00:06]} Qc7 {[%emt 0:00:38]} 12. c4 {[%emt 0:06:08]} Ne7 {[%emt 0:04:18]} (12... Nf6 $11) 13. Nc3 {[%emt 0:00:03]} a6 {[%emt 0:01:04]} 14. Rd1 {[%emt 0:01:52]} Nf5 {[%emt 0:05:25]} 15. Qd3 {[%emt 0:09:55]} Be5 $1 {[%emt 0:17:44]} 16. Rb1 {[%emt 0:40:14]} (16. Bg5 $14) 16... Rb8 $14 {[%emt 0:03:34]} 17. b3 {[%emt 0:00:18]} b5 {[%emt 0:05:54]} 18. Bb2 {[%emt 0:03:59]} bxc4 {[%emt 0:04:04]} 19. bxc4 {[%emt 0:00:02]} h5 {[%emt 0:17:19]} 20. Ba3 {[%emt 0:10:11]} Rxb1 {[%emt 0:02:43]} 21. Nxb1 {[%emt 0:00:04]} Re8 {[%emt 0:00:20]} 22. c5 {[%emt 0:02:36]} Bd4 {[%emt 0:03:42]} 23. Qe2 {[%emt 0:03:09]} e5 {[%emt 0:04:31]} 24. Nd2 {[%emt 0:04:33]} Qa5 {[%emt 0:11:38]} 25. Nc4 {[%emt 0:00:09]} Qa4 {[%emt 0:01:09]} 26. Rc1 {[%emt 0:02:22]} Be6 {[%emt 0:05:31]} 27. Qc2 {[%emt 0:01:29]} Qb5 {[%emt 0:00:17]} 28. Be4 {[%emt 0:01:58]} g6 {[%emt 0:01:13]} 29. Nb6 {[%emt 0:02:23]} Qa5 {[%emt 0:01:32]} 30. Qd3 {[%emt 0:01:13]} Rd8 {[%emt 0:00:46]} 31. Kg2 {[%emt 0:00:18]} h4 {[%emt 0:00:40]} 32. Rc2 {[%emt 0:02:07]} Qe1 {[%emt 0:00:45]} 33. g4 {[%emt 0:00:23]} h3+ {[%emt 0:01:19]} 34. Kxh3 {[%emt 0:00:18]} Kg7 {[%emt 0:02:50]} 35. gxf5 {[%emt 0:00:45]} Qg1 {[%emt 0:00:27]} 36. Qg3 {[%emt 0:00:17]} Rh8+ {[%emt 0:00:21]} 37. Kg4 {[%emt 0:00:01]} Qd1+ {[%emt 0:00:16]} 38. Qf3 {[%emt 0:00:07]} Bxf5+ {[%emt 0:00:29]} 39. Kg3 {[%emt 0:00:18]} Rh3+ {[%emt 0:00:17]} 40. Kg2 {[%emt 0:00:03]} Rxf3 {[%emt 0:00:22]} 41. Bxf3 {[%emt 0:30:02]} Qxc2 {[%emt 0:30:10]} 0-1

[Event "SRB-ch Semifinal 2022"]
[Site "Paracin"]
[Date "2022.03.22"]
[Round "8.2"]
[White "Martic, Ivan"]
[Black "Budisavljevic, Luka"]
[Result "1-0"]
[WhiteElo "2287"]
[BlackElo "2511"]
[Annotator "TA"]
[PlyCount "157"]
[EventDate "2022.03.17"]
[EventType "swiss"]
[EventCountry "SRB"]
[SourceTitle "playchess.com"]
[Source "ChessBase"]
[SourceQuality "1"]

{[%evp 9,157,19,23,19,22,16,16,12,50,16,12,0,0,0,7,-25,0,0,0,5,0,0,0,-14,-9,-9,-14,-9,-15,-25,0,0,0,0,13,7,0,0,0,0,0,-16,0,0,0,-17,3,4,23,15,13,27,24,7,7,8,14,0,8,0,35,7,12,6,6,2,4,0,0,0,0,0,0,0,0,0,0,0,0,0,0,0,0,0,0,0,0,0,0,0,0,0,0,0,0,0,0,0,0,0,0,16,41,45,130,96,175,189,110,17,739,550,675,735,1287,1039,2723,2248,12828,2828,12837,12838,12837,12836,12837,12836,12838,12839,12839,12839,12839,12839,12840,12839,12841,12841,12841,12842,12842,12843,12843,12842,12842,12843,12843,12843,12844,12844,12845,12845]} 1. d4 d5 2. c4 e6 3. Nc3 a6 4. cxd5 exd5 5. Bf4 Nf6 6. e3 {D31: Queen's Gambit Declined: Semi-Slav without ...Nf6 (+ Marshall Gambit and Noteboom) and Exchange Variation lines without ...Nf6.} Bd6 7. Bg5 {[%cal Oc3d5]} c6 8. Bd3 {The position is equal.} Be6 9. Qc2 {[#]} (9. f4 {with more complications.} h6 10. Bh4 O-O 11. Nf3 Bg4 12. Qd2) 9... h6 $146 ({Predecessor:} 9... Nbd7 10. f4 h6 11. Bh4 g5 12. fxg5 Ng4 13. Nf3 Be7 14. Qd2 hxg5 15. Bg3 Nh6 {½-½ (38) Vrolijk,L (2480)-Suleymanli,A (2536) Reykjavik 2021}) 10. Bf4 Bxf4 11. exf4 O-O 12. Nce2 a5 13. Nf3 Na6 {[%cal Bb8a6,Ba6c7,Bc7e6,Be6c5,Bc5e4][%mdl 32]} 14. a3 {To avoid Nb4} Bg4 15. Ne5 Bxe2 16. Bxe2 Nc7 17. g3 Ne6 18. Rd1 Qb6 19. Nf3 c5 20. dxc5 Nxc5 21. O-O Nce4 22. Nd4 Rac8 23. Qb1 Rc7 24. Kg2 Rfc8 25. h3 Re8 26. Bb5 Rec8 27. Be2 Nd6 {[#]} 28. Bd3 $1 Kh8 (28... Qxd4 $2 {[#]} 29. Bh7+ $1 {[%mdl 512]} Nxh7 30. Rxd4 $18) (28... Nc4 29. Bxc4) 29. Nf5 Nxf5 30. Bxf5 Re8 31. Rfe1 Rxe1 32. Rxe1 d4 33. Rc1 g6 34. Bd3 Nd7 35. Rxc7 Qxc7 36. Qe1 {aiming for Qe7.} Nc5 37. Bc4 Kg7 38. Qe8 Qc6+ 39. Qxc6 bxc6 $11 {[%mdl 4096] Endgame KB-KN} 40. Kf3 a4 41. h4 f6 42. Ke2 Kf8 43. Kd2 Ke7 44. Ke2 Ke8 45. Kd2 Kf8 46. Ke2 Ke7 47. Kd2 f5 48. Ke2 Kf8 49. Kd2 Ke8 50. Ke2 Ke7 51. Kd2 Ne4+ 52. Ke2 Nd6 53. Ba2 c5 54. Bd5 Nc8 55. Kd3 Nb6 $1 56. Ba2 Kf6 ({Black should play} 56... Nd7 $14) 57. f3 {[%cal Bf2f3,Bf3f4][%mdl 32]} g5 (57... Ke7 $16) 58. fxg5+ $18 hxg5 59. h5 {Hoping for b4.} g4 $2 {[%mdl 8192] This costs Black the game.} (59... Nd7 $11) 60. f4 {White is clearly winning.} (60. fxg4 fxg4 61. b4 Nd7 62. bxc5 Nxc5+ 63. Kxd4 Nb7 $18) 60... Nc8 61. b3 axb3 62. Bxb3 {Strongly threatening a4.} Nd6 63. Bd5 {Black must now prevent a4.} Nc8 64. a4 {[%cal Ba3a4,Ba4a5,Ba5a6][%mdl 32] Threatens to win with a5.} Na7 65. a5 Kg7 66. a6 Kh6 67. Bf7 Nc6 68. Kc4 Kg7 69. Be8 Na7 70. Kxc5 d3 71. Ba4 {Threatening mate with Kb6.} d2 72. Kb6 Nc8+ 73. Kc7 Na7 74. Kb7 Nb5 75. Kb6 Nd6 76. a7 Nc8+ 77. Kb7 Nxa7 78. Kxa7 Kh6 79. Kb6 {Weighted Error Value: White=0.05 (flawless) /Black=0.11 (very precise)} 1-0

[Event "SRB-ch Semifinal 2022"]
[Site "Paracin"]
[Date "2022.03.22"]
[Round "8.3"]
[White "Tadic, Stefan"]
[Black "Perunovic, Miodrag"]
[Result "0-1"]
[WhiteElo "2336"]
[BlackElo "2413"]
[Annotator "NA"]
[PlyCount "56"]
[EventDate "2022.03.17"]
[EventType "swiss"]
[EventCountry "SRB"]
[SourceTitle "playchess.com"]
[Source "ChessBase"]
[SourceQuality "1"]
[TimeControl "40/5400+30:1800+30"]

1. e4 {[%emt 0:00:16]} e5 {[%emt 0:00:06]} 2. Nf3 {[%emt 0:01:24]} Nc6 {[%emt 0:00:04]} 3. g3 {[%emt 0:02:52]} Nf6 {[%emt 0:00:33]} 4. d3 {[%emt 0:00:18]} d5 {[%emt 0:00:05]} 5. exd5 {[%emt 0:00:05]} Nxd5 {[%emt 0:00:16]} 6. Bg2 {[%emt 0:00:21]} Bc5 {[%emt 0:06:31]} 7. O-O {[%emt 0:02:00]} O-O {[%emt 0:00:05]} 8. c3 {[%emt 0:10:13]} a5 {[%emt 0:26:13]} 9. Nbd2 {[%emt 0:15:01]} Re8 {[%emt 0:01:36]} 10. a4 {[%emt 0:18:49]} Bf5 {[%emt 0:01:28]} 11. Ne4 {[%emt 0:01:53]} Be7 {[%emt 0:06:31]} 12. Qb3 {[%emt 0:02:39]} Ra6 $11 {[%emt 0:01:41]} (12... Nb6 $142) 13. Bg5 {[%emt 0:12:25]} Rb6 {[%emt 0:22:01]} 14. Qc2 {[%emt 0:09:32]} f6 {[%emt 0:01:28]} 15. Be3 {[%emt 0:00:05]} Nxe3 {[%emt 0:00:59]} 16. fxe3 {[%emt 0:00:03]} Be6 {[%emt 0:00:17]} 17. d4 {[%emt 0:03:43]} Bc4 {[%emt 0:05:01]} 18. Rf2 {[%emt 0:03:42]} Bf8 {[%emt 0:01:26]} 19. Nfd2 {[%emt 0:02:34]} Bf7 {[%emt 0:00:47]} 20. Nc5 {[%emt 0:03:26]} Qc8 {[%emt 0:11:55]} 21. Be4 {[%emt 0:01:48]} g6 {[%emt 0:00:01]} 22. Bd3 {[%emt 0:00:55]} Bh6 {[%emt 0:02:32]} 23. Nce4 {[%emt 0:03:46]} Bxe3 {[%emt 0:04:16]} 24. Nxf6+ {[%emt 0:00:01]} Kg7 {[%emt 0:00:09]} 25. Nxe8+ {[%emt 0:00:28]} Qxe8 {[%emt 0:00:02]} 26. Ne4 {[%emt 0:04:07]} exd4 {[%emt 0:00:24]} 27. Kg2 {[%emt 0:00:43]} Bb3 {[%emt 0:02:25]} 28. Qe2 {[%emt 0:00:01]} Bd5 {[%emt 0:00:22]} 0-1

[Event "SRB-ch Semifinal 2022"]
[Site "Paracin"]
[Date "2022.03.22"]
[Round "8.4"]
[White "Djordjevic, Vuk"]
[Black "Poleksic, Dusan"]
[Result "1-0"]
[WhiteElo "2382"]
[BlackElo "2083"]
[Annotator "NA"]
[PlyCount "91"]
[EventDate "2022.03.17"]
[EventType "swiss"]
[EventCountry "SRB"]
[SourceTitle "playchess.com"]
[Source "ChessBase"]
[SourceQuality "1"]
[TimeControl "40/5400+30:1800+30"]

1. d4 {[%emt 0:03:14]} c5 {[%emt 0:00:05]} 2. d5 {[%emt 0:00:09]} Nf6 {[%emt 0:00:05]} 3. Bg5 {[%emt 0:00:33]} Ne4 {[%emt 0:00:56]} 4. Bf4 {[%emt 0:00:31]} Qb6 {[%emt 0:01:13]} 5. Bc1 {[%emt 0:00:38]} g6 {[%emt 0:03:57]} 6. f3 {[%emt 0:01:25]} Nf6 {[%emt 0:01:22]} 7. Nh3 {[%emt 0:04:09]} d6 {[%emt 0:03:06]} 8. Nf2 $1 {[%emt 0:00:39]} Bg7 {[%emt 0:01:16]} 9. c4 {[%emt 0:05:23]} O-O {[%emt 0:01:47]} 10. e4 {[%emt 0:01:43]} e6 {[%emt 0:01:00]} 11. Nc3 {[%emt 0:03:44]} exd5 {[%emt 0:02:15]} 12. cxd5 {[%emt 0:03:48]} Nbd7 {[%emt 0:04:30]} 13. Be2 {[%emt 0:01:17]} a6 {[%emt 0:05:30]} 14. O-O {[%emt 0:04:34]} Qc7 {[%emt 0:02:58]} 15. a4 {[%emt 0:01:32]} c4 {[%emt 0:00:54]} 16. Qd4 $14 {[%emt 0:21:04]} Ne5 {[%emt 0:14:46]} 17. Be3 {[%emt 0:02:59]} Nfd7 {[%emt 0:07:14]} 18. Qd1 {[%emt 0:01:06]} Nc5 {[%emt 0:07:03]} 19. f4 {[%emt 0:12:25]} Ned3 {[%emt 0:02:20]} 20. Nxd3 {[%emt 0:04:34]} cxd3 {[%emt 0:15:41]} 21. Bxd3 {[%emt 0:00:05]} Nxd3 {[%emt 0:00:25]} 22. Qxd3 {[%emt 0:00:08]} f5 {[%emt 0:00:02]} 23. Bd4 {[%emt 0:06:51]} fxe4 {[%emt 0:00:34]} 24. Qxe4 {[%emt 0:00:14]} Bf5 {[%emt 0:00:18]} 25. Qe3 {[%emt 0:00:09]} Rae8 {[%emt 0:03:32]} 26. Qd2 {[%emt 0:01:48]} Bxd4+ {[%emt 0:05:15]} 27. Qxd4 {[%emt 0:00:06]} Qe7 {[%emt 0:00:56]} 28. Rad1 {[%emt 0:01:48]} Bg4 {[%emt 0:04:38]} 29. Rd2 {[%emt 0:00:57]} Qe3+ {[%emt 0:03:00]} 30. Qxe3 {[%emt 0:00:26]} Rxe3 {[%emt 0:00:01]} 31. Rd4 {[%emt 0:03:33]} Rfe8 {[%emt 0:01:50]} 32. Rb4 {[%emt 0:01:11]} R8e7 {[%emt 0:02:12]} 33. Rb6 {[%emt 0:03:56]} Rd7 {[%emt 0:00:33]} 34. Kf2 {[%emt 0:00:08]} Re8 {[%emt 0:02:13]} 35. h3 {[%emt 0:01:23]} Bf5 {[%emt 0:00:48]} 36. g4 {[%emt 0:00:17]} Bd3 {[%emt 0:02:08]} 37. Rd1 {[%emt 0:00:12]} Be4 {[%emt 0:01:04]} 38. Re1 {[%emt 0:00:12]} Rde7 {[%emt 0:00:08]} 39. Rxd6 {[%emt 0:00:23]} Bc2 {[%emt 0:01:23]} 40. Rxe7 {[%emt 0:02:34]} Rxe7 {[%emt 0:00:00]} 41. Rb6 {[%emt 0:31:21]} Bd3 {[%emt 0:03:04]} 42. d6 {[%emt 0:00:00]} Rd7 {[%emt 0:00:21]} 43. Ke3 {[%emt 0:00:00]} Bf1 {[%emt 0:00:16]} 44. Ne4 {[%emt 0:00:00]} Kh8 {[%emt 0:01:55]} 45. Nc5 {[%emt 0:00:00]} Rd8 {[%emt 0:00:01]} 46. Nxb7 {[%emt 0:00:00]} 1-0

[Event "SRB-ch Semifinal 2022"]
[Site "Paracin"]
[Date "2022.03.22"]
[Round "8.5"]
[White "Todorovic, Goran M"]
[Black "Ratkovic, Milovan"]
[Result "1-0"]
[WhiteElo "2336"]
[BlackElo "2440"]
[Annotator "NA"]
[PlyCount "95"]
[EventDate "2022.03.17"]
[EventType "swiss"]
[EventCountry "SRB"]
[SourceTitle "playchess.com"]
[Source "ChessBase"]
[SourceQuality "1"]
[TimeControl "40/5400+30:1800+30"]

1. e4 {[%emt 0:03:08]} c6 2. d4 {[%emt 0:00:30]} d5 3. exd5 {[%emt 0:00:30]} cxd5 4. Bd3 {[%emt 0:00:30]} Nc6 5. c3 {[%emt 0:00:30]} Nf6 {[%emt 0:04:29]} 6. Bf4 {[%emt 0:00:30]} Bg4 {[%emt 0:00:30]} 7. Qb3 {[%emt 0:00:30]} Qc8 {[%emt 0:00:30]} 8. Nd2 {[%emt 0:00:30]} e6 {[%emt 0:00:30]} 9. Ngf3 {[%emt 0:00:30]} Bh5 {[%emt 0:00:30]} 10. Ne5 {[%emt 0:00:30]} Nxe5 {[%emt 0:00:30]} 11. Bxe5 {[%emt 0:00:30]} Bg6 {[%emt 0:00:30]} 12. Bb5+ {[%emt 0:00:30]} Nd7 {[%emt 0:00:30]} 13. O-O {[%emt 0:00:30]} a6 {[%emt 0:00:30]} 14. Bxd7+ {[%emt 0:00:30]} Qxd7 {[%emt 0:00:30]} 15. c4 {[%emt 0:00:30]} f6 {[%emt 0:00:30]} 16. Bg3 {[%emt 0:00:30]} Be7 {[%emt 0:00:30]} 17. cxd5 {[%emt 0:00:30]} exd5 {[%emt 0:00:30]} 18. Rac1 {[%emt 0:00:30]} O-O {[%emt 0:00:30]} (18... Rc8 $1 $14) 19. Rc7 $16 {[%emt 0:00:30]} Qe6 {[%emt 0:00:30]} 20. Rxb7 {[%emt 0:00:30]} Rfe8 {[%emt 0:00:30]} 21. h3 {[%emt 0:00:30]} Bf8 {[%emt 0:00:30]} 22. Nb1 {[%emt 0:00:30]} Rad8 {[%emt 0:00:30]} 23. Nc3 {[%emt 0:00:30]} Bd3 {[%emt 0:00:30]} 24. Rd1 {[%emt 0:00:30]} Bc4 {[%emt 0:00:30]} 25. Qa4 {[%emt 0:00:30]} Qf5 {[%emt 0:00:30]} 26. b3 {[%emt 0:00:30]} Bd3 {[%emt 0:00:30]} 27. Qa5 {[%emt 0:00:30]} Bc2 {[%emt 0:00:30]} 28. Rc1 {[%emt 0:00:30]} Bd3 {[%emt 0:00:30]} 29. Na4 {[%emt 0:00:30]} h5 {[%emt 0:00:30]} 30. Nc5 {[%emt 0:00:30]} Be2 {[%emt 0:00:30]} 31. Qc7 {[%emt 0:00:30]} Kh8 {[%emt 0:00:30]} 32. Nd7 {[%emt 0:00:30]} Be7 {[%emt 0:00:30]} 33. Re1 {[%emt 0:00:30]} Qd3 {[%emt 0:00:30]} 34. Qf4 {[%emt 0:00:30]} g5 {[%emt 0:00:30]} 35. Qc1 {[%emt 0:00:30]} Rc8 {[%emt 0:00:30]} 36. Nc5 {[%emt 0:00:30]} Qxd4 {[%emt 0:00:30]} 37. Rxe2 {[%emt 1:23:02]} Qxc5 {[%emt 1:28:03]} 38. Qe1 {[%emt 0:00:30]} h4 {[%emt 0:00:30]} 39. Bxh4 {[%emt 0:00:30]} gxh4 {[%emt 0:00:30]} 40. Rbxe7 {[%emt 0:00:30]} Rxe7 {[%emt 0:00:30]} 41. Rxe7 {[%emt 0:30:30]} Qa3 {[%emt 0:30:30]} 42. Qe3 {[%emt 0:00:30]} Rc1+ {[%emt 0:00:30]} 43. Kh2 {[%emt 0:00:30]} Qd6+ {[%emt 0:00:30]} 44. g3 {[%emt 0:00:30]} hxg3+ {[%emt 0:00:30]} 45. Kg2 {[%emt 0:00:30]} Kg8 {[%emt 0:00:30]} 46. Ra7 {[%emt 0:00:30]} Rc8 {[%emt 0:00:30]} 47. Qh6 {[%emt 0:00:30]} Rc7 {[%emt 0:00:30]} 48. Qg6+ {[%emt 0:00:30]} 1-0